Statystyki dla Interpretacje piosenek Taco H.

Kliknij tutaj aby rozwiązać quiz!

Ogólne statystyki

  • Ten quiz został rozwiązany 11 razy
  • Średni wynik to 7 z 15

Statystyki odpowiedzi

Opis piosenkipiosenka% Poprawnych
Taco nie może już jeździć komunikacją miejską po Warszawie ze względu na swoją rozpoznawalność.ZTM
82%
Piosenka opowiada o zakłamywaniu siebie w trakcie rzekomej diety.Białkoholicy
73%
Nieszczęśliwa historia miłosna. Akcja piosenki odbywa się gdy bohaterowie są w stanie upojenia alkoholowego.Wszystko jedno
73%
Piosenka mówi o niezdrowych oczekiwaniach dotyczących małżeństwa, które przekształcają się w realne problemy.1990s utopia
64%
Taco opowiada o popularnym w społeczeństwie problemie związanym z przywiązaniem do urządzeń elektronicznych.Święcace prostokąty
64%
Podmiot piosenki daje życiowe rady swoim słuchaczom.Wujek dobra rada
64%
Odbywają się zamachy terrorystyczne w Europie. Opowiada o swoim strachu przed nimi i obawia się o swoją mamę.BXL
55%
Ta piosenka mówi o niezdrowych oczekiwaniach mężczyzn wobec kobiet.W.N.P
45%
Piosenka jest o nieudolnych staraniach polepszenia swojego dotychczasowego życia i rozwiązania problemów.Może To Coś Zmieni?
36%
Ta piosenka mówi o pozorności szczęścia płynącego z dóbr osiągniętych poprzez sławę.
Mleko & Miód
27%
Piosenka mówi o zapatrzeniu się społeczeństwa w dobra materialne.Ślepe sumy
27%
Ma na końcu wstawkę pochodzącą z kabaretu Starszych Panów.To by było na tyle
27%
Podmiot dostrzega, że kobieta traktuje go jak zabawkę i potrzebuje go tylko na jedną noc.
Kobieta przyciąga swoją urodą, jednakże mężczyzna dochodzi do wniosku, że brak jej inteligencji emocjonalnej.
WWA VHS
27%
Piosenka opowiada o utracie prywatności przez zyskanie popularności.Ortalion
18%
Piosenka ukazuje bezskuteczne próby uzupełnienia poczucia braku sensu w życiu.Tlen
18%

Rozkład punktacji

Percentyl według liczby udzielonych odpowiedzi

Procent ludzi z każdym wynikiem

Twoja historia wyników

Nie rozwiązałeś tego quizu